Top 10 Highest FIFA Women's Rankings of Countries - Statistics

General Stats
  • This quiz has been taken 935 times
  • The average score is 8 of 10
Answer Stats
Points Country % Correct
2140 United States
98%
2109 Germany
90%
2041 France
87%
1982 Japan
85%
1961 Brazil
84%
2030 England
84%
1977 Sweden
84%
2031 Canada
81%
1984 Australia
68%
1952 North Korea
12%
No matching quizzes found
Score Distribution
Percent of People with Each Score
Percentile by Number Answered
Your Score History
You have not taken this quiz